Multiple Choice City Quiz - Norwich (England) - Statistics

General Stats
  • This quiz has been taken 69 times
  • The average score is 8 of 10
Answer Stats
Question Answer % Correct
Which condiment was Norwich once famous for? Mustard
92%
Norwich is in which English county? Norfolk
87%
Which BBC sitcom character worked at the fictional 'Radio Norwich'? Alan Partridge
85%
What is the name of Norwich City's football ground? Carrow Road
84%
Which team do Norwich City play in the 'Old Farm' derby? Ipswich Town
82%
Which notable prison reformer was born in Norwich in 1780? Elizabeth Fry
81%
Which Oscar winning actress was born in Norwich in 1974? Olivia Colman
79%
The grave of which nurse, executed for spying in WW1, sits in the grounds of Norwich Cathedral? Edith Cavell
77%
Which city's cathedral spire is the only one in England taller than that of Norwich's Anglican Cathedral? Salisbury
65%
In which of these years was Norwich the second biggest city in England? 1523
19%
No matching quizzes found
Score Distribution
Percent of People with Each Score
Percentile by Number Answered
Your Score History
You have not taken this quiz